000 00975nam a2200253 i 4500
003 DO-SdBNP
005 20250711132457.0
007 ta
008 250711b2025 dr a ||| |||| 00| 0 spa d
040 _aDO-SdBNP
_bspa
_cBNPHU
_erda
082 _axxx
_bR311
_222
110 1 _aReconoci.do
_988331
245 1 0 _aInforme alternativo sobre los derechos humanos de los dominicanos de ascendencia haitiana en República Dominicana :
_bopresión, exclusión y discriminación /
264 _aSanto Domingo :
_bForo Ciudadano RD,
_c[2025].
300 _a25 páginas ;
_bilustraciones
_c28 cm.
336 _atexto
_btxt
_2rdacontent
337 _asin mediación
_bn
_2rdamedia
338 _avolumen
_bnc
_2rdacarrier
490 1 _aUn foro para tod@s
500 _aCon el apoyo de: AVSI people for development, Centro de Investigación y Promoción Social -CIPROS- y Cofinanciado por la Unión Europea.
590 _aInventariado, 2025/ YL
910 _aYLockward
942 _2ddc
_cLF2
999 _c59510
_d59510